| 000 | 00791nam a2200253Ia 4500 | ||
|---|---|---|---|
| 003 | OSt | ||
| 005 | 20220918184828.0 | ||
| 006 | a|||||r|||| 00| 0 | ||
| 007 | ta | ||
| 008 | 220917b |||||||| |||| 00| 0 eng d | ||
| 024 | _a48,251 | ||
| 037 | _cTextual | ||
| 040 |
_aARTS _cARTS _beng |
||
| 041 |
_2eng _aeng |
||
| 082 | _aP:3p1,N77, L7 | ||
| 100 |
_aAbraham Werner ed _939720 |
||
| 245 | 0 |
_aValence, semantic case, and grammatical relations _b 12th international congress of linguists, University of Vienna, Austria, August 29 to Sept 3, 12977 |
|
| 260 |
_aAmsterdam _bJohn Benjamins _c1978 |
||
| 300 |
_axiv,729p. _ccm. |
||
| 500 | _aBib 725-29p | ||
| 650 | _aLINGUISTICS | ||
| 942 |
_hP:3p1,N77, L7 _cTEXL _2CC |
||
| 999 |
_c177921 _d177921 |
||